LEADER 01552nam a2200301 u 4500 001 000000045221 003 CaOOAMICUS 005 20070226114634.0 008 990525s1985 it u000 u ita u 035 $a10824290 040 $aPUL(R)$bita 245 03$aIl lavoro.$nII,$pSociologia, antropologia, psicologia, economia e storia :$bRicerca su problemi teorici e pratici del lavoro nella nostra società /$ca cura di Adriano Caprioli e Luciano Vaccaro. 246 32$aSociologia, antropologia, psicologia, economia e storia 260 $a[Brescia] :$bMorcelliana,$c[1985] 300 $a292 p. ;$c23 cm 490 1 $aQuaderni della "Gazzada" ;$v6 504 $aBibliografia in nota. 650 4$aLavoro$xAspetti economici e sociali.$0(OLS)http://pul/subject/1142 700 1 $aVaccaro, Luciano.$0(OLS)http://pul/name/8200 700 1 $aCaprioli, Adriano.$0(OLS)http://pul/name/10240 830 0$aQuaderni della Gazzada ;$v6.$0(OLS)http://pul/title/11960 850 $aPUL 852 $aPUL$W1$xDP1 Cons. Gen., Altre Classi 1$y22$m46 I 53$j60751$nBK-PRI$b $qStampati$B60751$CPULBib$Z2$F60751 $H $81 941 1 $a8 961 $aINV: 53781 996 $6245$aIl lavoro.$nII,$pSociologia, antropologia, psicologia, economia e storia :$bRicerca su problemi teorici e pratici del lavoro nella nostra società$9(OLS)http://pul/title/60982 996 $6246$aSociologia, antropologia, psicologia, economia e storia$9(OLS)http://pul/title/60983 996 $6260$a[Brescia] :$bMorcelliana$9(OLS)http://pul/publisher/51044 LEADER 01949nam a2200313 a 4500 001 000000117352 003 CaOOAMICUS 005 20091013093504.0 008 091013s1590 gw u001 u lat r 026 $atoin amus$bi-o-quuo (3)$c1590 (R) 040 $aPUL$bita$dARIA 100 1 $aPetrus, Suffridus,$d1527-1597.$0(OLS)http://pul/name/73175 245 10$aDe Frisiorum antiquitate et origine libri tres: in quibus non modo eius gentis propriae, sed et communes Germaniae totius antiquitates multae, hactenus incognitae, produntur; et obscuri veterum scriptorum loci plurimi illustrantur: /$cauctore Suffrido Petro Leovardiensi... . 260 $aColoniae Agrippinae :$bin officina Birckmannica :$bsumptibus Arnoldi Mylij,$c1590. 300 $a[32], 335, [1] p. ;$c8° (15 cm) 500 $aSegnatura: 2[croce latina]8 A-X8 500 $aInclude indici. 500 $aIniziali xil. 500 $aIn calce al front.: Cum gratia et privilegio Sacre Cesarea Maiestatis. 662 $aGermania$dColonia.$0(OLS)http://pul/subject/35038 710 0 $aBirckmann$4pbl.$0(OLS)http://pul/name/71466 710 0 $aMylius, Arnold$4pbl.$0(OLS)http://pul/name/71467 850 $aPUL 852 $aPUL$W1$xDP1 Antico 500$y12$m122 E 28$j134667$qStampati Antico$B133637$CPULBib$Z2$F133637 $82 856 0$uhttp://aquabrowser.pul.it/cinquecentine/122E28-1.jpg 941 1 $a15 961 $aPrecedente appartenenza: Collegio Germanico - Bibl. Sup. in Vita Joan [?].Stemma dell'ordine dei Gesuiti (JHS) sul dorso.Stemma di Gregorio XIII sul dorso. 996 $6245$aDe Frisiorum antiquitate et origine libri tres: in quibus non modo eius gentis propriae, sed et communes Germaniae totius antiquitates multae, hactenus incognitae, produntur; et obscuri veterum scriptorum loci plurimi illustrantur:$9(OLS)http://pul/title/147669 996 $6260$aColoniae Agrippinae :$bin officina Birckmannica :$bsumptibus Arnoldi Mylij$9(OLS)http://pul/publisher/55182